| 000 | 01503cam a2200241 4500 | ||
|---|---|---|---|
| 001 | ##L134111 | ||
| 008 | 060711n2006 000 0 eng u | ||
| 035 | _a(Sirsi) u134111 | ||
| 041 | 0 | _aeng | |
| 050 | 0 | 4 | _a332.6324 $2 18 |
| 110 | 2 |
_aGVA Grimley _93646 |
|
| 245 | 0 | 0 |
_aSurvey of property trends _bwinter 2005/06 |
| 260 |
_aLondon _bGVA Grimley _c2006 |
||
| 490 | 0 |
_aCBI/GVA Grimley Survey of Property Trends _vWinter 2005/06 |
|
| 505 | 2 | _aExecutive summary -- Definitions -- Change in property holdings -- Change in property holdings by sector -- Capital expenditure on property -- Business optimism -- Business output -- Employment change -- Conclusions | |
| 520 | _aIndicates an increase in commercial property holdings over the last six months, and this level of demand is likely to continue over the next six. Business output rose, but growth will slow over the next six months, and overall business optimism is lower than six months ago. GVA Grimley's comprehensive bi-annual survey for the CBI collects data from occupiers of office, distribution, retail, and manufacturing property from all sectors of the economy. Graphs. (See also supplement L134112). | ||
| 650 | 2 | 4 | _aCBI/GVA GRIMLEY SURVEY OF PROPERTY TRENDS |
| 651 | 4 |
_aUnited Kingdom _y |
|
| 690 | _aPROPERTY-COMMERCIAL PROPERTY-COMMERCIAL PROPERTY MARKET | ||
| 710 | 2 |
_aConfederation of British Industry _9414 |
|
| 856 | 4 | 0 |
_uhttps://www.gvagrimley.co.uk/ _zView the item free of charge at www.gvagrimley.co.uk... |
| 942 | _n0 | ||
| 999 |
_c105547 _d105547 |
||